000 01067nam a2200253 4500
001 76874
003 BD-RjUL
005 20211209082911.0
008 200129s2019 bg ||||| |||| 00| 0 ben d
020 _a9789849444022
_c: Tk. 320.00
035 _a(BD-RjUL)77098
040 _aBD-RjUL
_beng
_cBD-RjUL
041 _aeng
082 _223
_a891.44209
_bALM 2019
100 1 _aআল-আমিন, মো.
_9238585
245 1 0 _aমলয় ভৌমিকের নাটক:
_bবিষয়বৈচিত্র্য ও শিল্পসূত্র সন্ধান /
_cমো. আল-আমিন
250 _a১ম সং
260 _aঢাকা:
_bনৈঋতা ক্যাফে,
_c২০১৯
300 _a১১৬ পৃ. ;
_c২২ সেমি.
504 _aতথ্যনির্দেশ এবং গ্রন্থপঞ্জি রয়েছে।
650 _aবাংলা নাটক
_xইতিহাস ও সমালোচনা
_9238586
650 _aBengali Drama
_xHistory and Criticism
_9238587
942 _2ddc
_cBK
999 _c76874
_d76874